| Поле | Инд. | ПП | Название | Значение |
|---|---|---|---|---|
| Тип записи | a | |||
| Библиографический уровень | m | |||
| 001 | Контрольный номер | RU/LIBMSTU/305221102 | ||
| 005 | Дата корректировки | 20200115123143.9 | ||
| 020 | 00 | a | ISBN | 5-244-00932-Х |
| c | Цена, тираж | 300-00 | ||
| 020 | 00 | a | ISBN | 5-244-00934-6 |
| 084 | a | Индекс другой классификации/Индекс ББК | 66.0я2 | |
| 090 | 00 | a | Полочн. индекс | 66я2 |
| x | Авторский знак | П 50 | ||
| 245 | 00 | a | Заглавие | Политическая энциклопедия |
| n | Номер части/ раздела | Т. 2. Н-Я | ||
| b | Продолж. заглавия | В 2 т. | ||
| c | Ответственность | рук. проекта Г. Ю. Семигин | ||
| 260 | 00 | a | Место издания | Москва |
| b | Издательство | Мысль | ||
| c | Дата издания | 1999 | ||
| 300 | 00 | a | Объем | 701 с. |
| 440 | 00 | a | Серия | Национальный общественно-научный фонд |
| 650 | _4 | a | Основная рубрика | Политология-Энциклопедии |
| 653 | 00 | a | Ключевые слова | Научный коммунизм |
| 653 | 00 | a | Ключевые слова | Образ жизни |
| 653 | 00 | a | Ключевые слова | Права человека |
| 653 | 00 | a | Ключевые слова | Прогресс |
| 653 | 0_ | a | Ключевые слова | Политология |
| 653 | 0_ | a | Ключевые слова | Энциклопедии |
| 901 | t | Тип документа | m | |
| 990 | 00 | f | Даты поступлений (DOS) | 04.00 |